Spanien i svenska arkiv (Record no. 20060)

MARC details
000 -LEADER
campo de control de longitud fija 01123nam a2200277 i 4500
001 - NÚMERO DE CONTROL
campo de control 20060
003 - IDENTIFICADOR DE NÚMERO DE CONTROL
campo de control ES-MaACL
005 - FECHA Y HORA DE LA ÚLTIMA TRANSACCIÓN
campo de control 20250801063021.0
007 - CAMPO FIJO DE DESCRIPCIÓN FÍSICA--INFORMACIÓN GENERAL
campo de control de longitud fija t|
008 - DATOS DE LONGITUD FIJA--INFORMACIÓN GENERAL
campo de control de longitud fija 021122s20002001sw ||||1| swe d
020 ## - NÚMERO INTERNACIONAL ESTÁNDAR DEL LIBRO
Número Internacional Estándar del Libro 91-88366-53-7
080 ## - NÚMERO DE LA CLASIFICACIÓN DECIMAL UNIVERSAL
Número de la Clasificación Decimal Universal 930.255(485):94(460)
100 1# - ENTRADA PRINCIPAL--NOMBRE DE PERSONA
Nombre de persona Mörner, Magnus,
Fechas asociadas al nombre 1924-2012
9 (RLIN) 179484
245 10 - MENCIÓN DEL TÍTULO
Título Spanien i svenska arkiv
Resto del título : arkivguide /
Mención de responsabilidad, etc. utarbetad av Magnus & Aare R. Mörner ; [översèattning : Martin Lexell och Christina Cerezo Silva] = España en los archivos de Suecia : guía de archivos / preparada por Magnus & Aare R. Mörner.
246 31 - FORMA VARIANTE DEL TITULO
Título propio/Titulo breve España en los archivos de Suecia
260 ## - PUBLICACIÓN, DISTRIBUCIÓN, ETC.
Lugar de publicación, distribución, etc. [Stockholm] :
Nombre del editor, distribuidor, etc. Riksarkivet,
Fecha de publicación, distribución, etc. [2000] (
Fecha de fabricación/manufactura imp. 2001)
300 ## - DESCRIPCIÓN FÍSICA
Extensión 104 p. ;
Dimensiones 25 cm.
490 1# - MENCIÓN DE SERIE
Mención de serie Skrifter utgivna av Riksarkivet ;
Designación de volumen o secuencia 16
546 ## - NOTA DE IDIOMA
Nota de lengua/lenguaje Texto en sueco y español.
651 #4 - PUNTO DE ACCESO ADICIONAL DE MATERIA--NOMBRE GEOGRÁFICO
Nombre geográfico España-
Subdivisión general Historia-
-- Recursos archivísticos-
Subdivisión geográfica Suecia.
9 (RLIN) 8350
700 1# - ENTRADA AGREGADA--NOMBRE PERSONAL
Nombre de persona Mörner, Aare R.
9 (RLIN) 83611
700 0# - ENTRADA AGREGADA--NOMBRE PERSONAL
Nombre de persona Cerezo Silva, Cristina.
9 (RLIN) 37512
830 0# - PUNTO DE ACCESO ADICIONAL DE SERIE-TÍTULO UNIFORME
Título uniforme Skrifter utgivna av Riksarkivet ;
Designación de volumen o secuencia 16
9 (RLIN) 228901
852 ## - LOCALIZACIÓN
Ubicación ES-MaACL
Número de control de estantería L-26168
Holdings
Estatus retirado Estado de pérdida Estado de daño No para préstamo Biblioteca de origen Biblioteca actual Ubicación en estantería Fecha de adquisición Fuente de adquisición Total de préstamos Signatura topográfica completa Código de barras Visto por última vez Precio de reemplazo Tipo de ítem Koha
        Biblioteca del Ateneo de Madrid Biblioteca del Ateneo de Madrid Depósito 2 17/01/2008     L-26168 1020561 23/02/2023 23/02/2023 Libro impreso